banner koha

Avaliação da correção da energia pelo balanço de nitrogênio em alimentos para frangos de corte (Registro n. 329597)

MARC details
000 -LÍDER
fixed length control field 03470nab a2200313 i 4500
003 - CÓDIGO MARC DA AGÊNCIA CATALOGADORA
Campo de controle BR-BrBNA
005 - DATA E HORA DA ÚLTIMA ATUALIZAÇÃO
Campo de controle 20250116101730.0
008 - CAMPO DE TAMANHO FIXO
fixed length control field 250116b2016 bl.|r|pooa||| 00| 0 por |
040 ## - FONTE DA CATALOGAÇÃO
Agência catalogadora BR-BrBNA
Idioma da catalogação por
072 ## - CATEGORIA AGRIS
Código AGRIS L02
Código do objeto 6100
100 ## - ENTRADA PRINCIPAL - NOME PESSOAL
Nome pessoal Andrade, R.C.
100 ## - ENTRADA PRINCIPAL - NOME PESSOAL
Nome pessoal Lara, L.J.C.
100 ## - ENTRADA PRINCIPAL - NOME PESSOAL
Nome pessoal Pompeu, .A.
100 ## - ENTRADA PRINCIPAL - NOME PESSOAL
Nome pessoal Cardeal, P.C.
100 ## - ENTRADA PRINCIPAL - NOME PESSOAL
Nome pessoal Miranda, D.J.A
100 ## - ENTRADA PRINCIPAL - NOME PESSOAL
Nome pessoal N.C. Baião
245 ## - TÍTULO PRINCIPAL
Título principal Avaliação da correção da energia pelo balanço de nitrogênio em alimentos para frangos de corte
500 ## - NOTA GERAL
Nota geral <br/>Publicação online, 18 ref.; 3 tables; Summaries (En, Pt)
942 ## - ADDED ENTRY ELEMENTS (KOHA)
Koha item type Analítica
520 ## - NOTA DE RESUMO
Nota de conteúdo <br/><br/><br/>RESUMO - Com o objetivo de determinar valores de energia metabolizável aparente e de energia metabolizável aparente corrigida pelo balanço de nitrogênio de alimentos para frangos de corte, bem como avaliar os efeitos da correção da energia sobre seu desempenho, foram conduzidos dois experimentos: I) determinação da energia do milho, do farelo de soja, da farinha de carne e ossos, da farinha de vísceras e da farinha de penas, pelo método de coleta total de excretas, utilizando-se 450 pintos de corte com um dia de idade, distribuídos em delineamento inteiramente ao acaso, sendo seis tratamentos e cinco repetições; II) desempenho de 960 frangos de corte, distribuídos ao acaso, em cinco tratamentos e seis repetições. As aves que receberam os tratamentos A (matriz energética de acordo com Rostagno et al. (2011)) e E (energia sem correção com ajuste pela idade) apresentaram melhor desempenho, e as aves do tratamento E tiveram melhor conversão alimentar. Portanto, formulações com energia sem correção pelo balanço de nitrogênio e ajustadas pela idade são viáveis tanto sob o ponto de vista zootécnico, quanto econômico.<br/><br/><br/>Palavras-chave: aves, custo, desempenho, formulação, nutrição
520 ## - NOTA DE RESUMO
Nota de conteúdo <br/><br/><br/>ABSTRACT - In order to determine apparent metabolizable energy and apparent metabolizable energy corrected by nitrogen balance of feed ingredients and to evaluate the effects of this correction on performance of broiler chickens, two experiments were conducted: I) energy determination of corn, soybean meal, meat and bone meal, poultry by-products meal and feather meal by total excreta collection method, using 450 chicks randomly distributed in 30 cages, with 6 treatments and 5 replications; II) performance of 960 broilers, distributed in a completely randomized design, with 5 treatments and 6 replications. Birds that received treatments A (energy matrix from literature) and E (energy without correction adjusted by age) showed better performance with the best feed cost, and treatment E had smaller feed conversion ratio. Therefore, the use of formulations based on metabolizable energy adjusted for age and without correction by nitrogen balance is feasible, both from a zootechnical and economic point of view.<br/><br/><br/><br/><br/><br/>Keywords:costs, formulation, performance, nutrition, poultry
650 ## - ASSUNTO - THESAGRO
Cabeçalho tópico ou nome geográfico FRANGO DE CORTE
650 ## - ASSUNTO - THESAGRO
Cabeçalho tópico ou nome geográfico NUTRIÇÃO ANIMAL
650 ## - ASSUNTO - THESAGRO
Cabeçalho tópico ou nome geográfico PERFORMANCE
650 ## - ASSUNTO - THESAGRO
Cabeçalho tópico ou nome geográfico CUSTO
773 0# - ENTRADA ANALÍTICA
Host Biblionumber 1643
Registro do item 347390
Imprenta Belo Horizonte-MG Universidade Federal de Minas Gerais - Escola de Veterinaria 1983
Outro identificador 2024-8403
Título Arquivo Brasileiro de Medicina Veterinária e Zootecnia (Brazil)
ISSN 0102-0935
Colação v. 68(2) p. 497-505; (2016)
Número de controle de registro BR2024004434
856 ## - ACESSO E ENDEREÇO ELETRÔNICO
Identificador uniforme de recurso - URI https://www.scielo.br/j/abmvz/a/KnDgcgQr9vSw7bxpK5NJ7pn/?format=pdf&lang=pt

Nenhum exemplar disponível.

BINAGRI

Telefone: (61)3218-2567/2388/3357/2097 - binagri@agro.gov.br

Ministério da Agricultura e Pecuária , Esplanada dos Ministérios, Bloco D, Anexo B, Brasília/DF, CEP: 70.043-900